Statistics for U.S. Cities With Most Chinese People

Click here to take the quiz!

General Stats

  • This quiz has been taken 74 times
  • The average score is 15 of 20

Answer Stats

%ChineseCity% Correct
1.866,782Los Angeles
98%
6.0486,463New York City
98%
21.4172,181San Francisco
97%
1.643,228Chicago
94%
2.735,661San Diego
92%
4.127,216Seattle
92%
2.030,069Philadelphia
91%
4.024,910Boston
89%
1.79,113Portland
88%
1.329,429Houston
84%
6.763,434San Jose
81%
4.420,307Sacramento
78%
8.734,083Oakland
70%
1.28,886Austin
67%
10.238,330Honolulu
61%
1.13,402Pittsburgh
53%
1.02,985Riverside
42%
1.85,188Stockton
39%
1.44,738Anaheim
34%
5.213,592Plano
6%

Score Distribution

Percentile by Number Answered

Percent of People with Each Score

Your Score History

You have not taken this quiz